[Event "1516VL"]
[Site "Mecklenburg-Vorpommern"]
[Date "2016.04.10"]
[Round "8.1"]
[White "Skibbe, Willi"]
[Black "Weyrich, Morten"]
[Result "1-0"]
[WhiteElo "2207"]
[BlackElo "2194"]
[PlyCount "77"]
[EventDate "2015.10.11"]
[EventType "team-tourn"]
[EventRounds "9"]
[EventCountry "GER"]
[SourceDate "2015.09.20"]
[WhiteTeam "SSC Rostock 07 II"]
[BlackTeam "SF Schwerin III"]
[WhiteTeamCountry "GER"]
[BlackTeamCountry "GER"]

1. d4 d5 2. c4 e6 3. Nf3 Nf6 4. g3 Be7 5. Bg2 O-O 6. O-O b6 7. Ne5 Bb7 8. Nc3
Nbd7 9. Bf4 Nxe5 10. dxe5 Ne4 11. Nxe4 dxe4 12. Qc2 Qd4 13. Rfd1 Qc5 14. Bxe4
Bxe4 15. Qxe4 Rad8 16. a3 Rxd1+ 17. Rxd1 Rd8 18. Rd3 Rxd3 19. exd3 Bf8 20. Bd2
Qe7 21. d4 Qd7 22. Bc3 c6 23. h4 h6 24. h5 Be7 25. Kg2 f5 26. exf6 Bxf6 27. Qg4
Qd6 28. Qe4 Kf7 29. f4 a5 30. g4 Kg8 31. c5 bxc5 32. dxc5 Qe7 33. Qxc6 Bxc3 34.
bxc3 Kf7 35. Kg3 a4 36. Qd6 Qa7 37. g5 hxg5 38. fxg5 Qb7 39. g6+ 1-0

[Event "1516VL"]
[Site "Mecklenburg-Vorpommern"]
[Date "2016.04.10"]
[Round "8.2"]
[White "Hornych, Christoph"]
[Black "Engel, Gunnar"]
[Result "1-0"]
[WhiteElo "2028"]
[BlackElo "2027"]
[PlyCount "59"]
[EventDate "2015.10.11"]
[EventType "team-tourn"]
[EventRounds "9"]
[EventCountry "GER"]
[SourceDate "2015.09.20"]
[WhiteTeam "SF Schwerin III"]
[BlackTeam "SSC Rostock 07 II"]
[WhiteTeamCountry "GER"]
[BlackTeamCountry "GER"]

1. e4 c5 2. Nf3 d6 3. d4 cxd4 4. Nxd4 Nf6 5. Nc3 a6 6. Bc4 e6 7. a4 Be7 8. Qe2
Nc6 9. Be3 Qc7 10. O-O O-O 11. Rad1 Bd7 12. Ba2 Nb4 13. Bb3 Rfe8 14. f4 Rac8
15. Kh1 Nc6 16. f5 e5 17. Nf3 Na5 18. Ba2 d5 19. Bxd5 Bb4 20. Ng5 Re7 21. Nxf7
Bxc3 22. Nd6+ Nxd5 23. Nxc8 Nxe3 24. Nxe7+ Kf7 25. Qxe3 Bd4 26. Rxd4 exd4 27.
Qxd4 Qc4 28. Qxc4+ Nxc4 29. Nd5 Nd2 30. Re1 1-0

[Event "1516VL"]
[Site "Mecklenburg-Vorpommern"]
[Date "2016.04.10"]
[Round "8.3"]
[White "Pererva, Viktor"]
[Black "Kutschke, Peter"]
[Result "1/2-1/2"]
[WhiteElo "2007"]
[BlackElo "2000"]
[PlyCount "36"]
[EventDate "2015.10.11"]
[EventType "team-tourn"]
[EventRounds "9"]
[EventCountry "GER"]
[SourceDate "2015.09.20"]
[WhiteTeam "SSC Rostock 07 II"]
[BlackTeam "SF Schwerin III"]
[WhiteTeamCountry "GER"]
[BlackTeamCountry "GER"]

1. e4 d5 2. exd5 Nf6 3. d4 Nxd5 4. c4 Nb6 5. Nf3 g6 6. Be3 Bg4 7. Be2 Bg7 8.
Nc3 Nc6 9. d5 Bxf3 10. Bxf3 Ne5 11. Be2 O-O 12. Bd4 c5 13. dxc6 bxc6 14. Bxe5
Bxe5 15. Qc2 Qc7 16. g3 Rad8 17. O-O Bd4 18. Rad1 e5 1/2-1/2

[Event "1516VL"]
[Site "Mecklenburg-Vorpommern"]
[Date "2016.04.10"]
[Round "8.4"]
[White "Wandel, Bernd"]
[Black "Mangold, Thomas"]
[Result "1/2-1/2"]
[WhiteElo "2023"]
[BlackElo "1937"]
[PlyCount "60"]
[EventDate "2015.10.11"]
[EventType "team-tourn"]
[EventRounds "9"]
[EventCountry "GER"]
[SourceDate "2015.09.20"]
[WhiteTeam "SF Schwerin III"]
[BlackTeam "SSC Rostock 07 II"]
[WhiteTeamCountry "GER"]
[BlackTeamCountry "GER"]

1. d4 d6 2. c4 e5 3. Nc3 exd4 4. Qxd4 Nc6 5. Qd1 Nf6 6. Nf3 Bf5 7. Nd4 Nxd4 8.
Qxd4 Be7 9. e4 Bg6 10. Be2 O-O 11. O-O Nd7 12. Nd5 Bf6 13. Nxf6+ Qxf6 14. Qxf6
Nxf6 15. f3 Nd7 16. g4 Rfe8 17. Kf2 a5 18. Be3 f6 19. b3 Bf7 20. Rfd1 b6 21.
Rac1 Nc5 22. Rg1 Rf8 23. h4 Rae8 24. Rb1 Rd8 25. a3 Ra8 26. g5 fxg5 27. Rxg5
Bg6 28. Ke1 Ne6 29. Rg4 Bh5 30. Rg3 Nf4 1/2-1/2

[Event "1516VL"]
[Site "Mecklenburg-Vorpommern"]
[Date "2016.04.10"]
[Round "8.5"]
[White "Brack, Peter"]
[Black "Wagner, Ralph"]
[Result "1/2-1/2"]
[WhiteElo "1941"]
[BlackElo "1989"]
[PlyCount "126"]
[EventDate "2015.10.11"]
[EventType "team-tourn"]
[EventRounds "9"]
[EventCountry "GER"]
[SourceDate "2015.09.20"]
[WhiteTeam "SSC Rostock 07 II"]
[BlackTeam "SF Schwerin III"]
[WhiteTeamCountry "GER"]
[BlackTeamCountry "GER"]

1. Nf3 d5 2. c4 c6 3. e3 Nf6 4. d4 a6 5. Nbd2 Bf5 6. cxd5 cxd5 7. Ne5 Qc7 8.
Qa4+ Nfd7 9. Bd3 Bxd3 10. Nxd3 e6 11. O-O Bd6 12. Nf3 O-O 13. Bd2 Nb6 14. Qb3
Nc6 15. Rfc1 Nc4 16. Bb4 Nxb4 17. Nxb4 Qe7 18. Nd3 Rfc8 19. Qd1 f6 20. b3 Na3
21. Rxc8+ Rxc8 22. Rc1 Rc7 23. h3 Nb5 24. Rxc7 Qxc7 25. Qc1 Qxc1+ 26. Nxc1 Ba3
27. Ne2 Kf7 28. Nd2 Bb4 29. Nb1 e5 30. Kf1 Ke6 31. a4 Nd6 32. dxe5 fxe5 33. Nc1
Ne4 34. Ke2 Be7 35. Nd3 Nc5 36. Nd2 Nxd3 37. Kxd3 Bb4 38. Nf1 g6 39. f3 Be1 40.
Ke2 Ba5 41. Kd3 b5 42. axb5 axb5 43. Ng3 Kd6 44. Ne2 Kc5 45. Nc1 Bb6 46. Na2
Ba5 47. g4 Bc7 48. Nc3 Ba5 49. Ne2 Bc7 50. Kc3 Ba5+ 51. Kc2 Bb6 52. Nc1 Kd6 53.
Kd2 Ba5+ 54. Ke2 Bc7 55. Nd3 g5 56. Kd2 e4 57. fxe4 dxe4 58. Nf2 Ba5+ 59. Kc2
Kd5 60. Nd1 Kc5 61. Kb2 Be1 62. Nc3 Bxc3+ 63. Kxc3 b4+ 1/2-1/2

[Event "1516VL"]
[Site "Mecklenburg-Vorpommern"]
[Date "2016.04.10"]
[Round "8.6"]
[White "Helms, Sven"]
[Black "Celmer, Ole"]
[Result "1/2-1/2"]
[WhiteElo "1941"]
[BlackElo "1893"]
[PlyCount "67"]
[EventDate "2015.10.11"]
[EventType "team-tourn"]
[EventRounds "9"]
[EventCountry "GER"]
[SourceDate "2015.09.20"]
[WhiteTeam "SF Schwerin III"]
[BlackTeam "SSC Rostock 07 II"]
[WhiteTeamCountry "GER"]
[BlackTeamCountry "GER"]

1. d4 Nf6 2. c4 e5 3. dxe5 Ne4 4. Nf3 Nc6 5. e3 Bb4+ 6. Nbd2 Qe7 7. Qc2 Nxd2 8.
Bxd2 Nxe5 9. Nxe5 Bxd2+ 10. Qxd2 Qxe5 11. f4 Qe7 12. Bd3 d6 13. O-O O-O 14.
Rae1 b6 15. e4 Bb7 16. e5 dxe5 17. Rxe5 Qd6 18. Qe3 Rad8 19. Rd1 Qf6 20. Re1 h6
21. h3 Qd6 22. Be4 Bxe4 23. Rxe4 Qb4 24. Re2 Rd1+ 25. Kh2 Rdd8 26. b3 a5 27.
Re7 Qd6 28. Qg3 Rd7 29. R7e5 Qg6 30. Qf3 Rd3 31. R2e3 Rd2 32. Re2 Rd3 33. R2e3
Rd2 34. Re2 1/2-1/2

[Event "1516VL"]
[Site "Mecklenburg-Vorpommern"]
[Date "2016.04.10"]
[Round "8.7"]
[White "Schumann, Rabea"]
[Black "Kupfernagel, Michael"]
[Result "1/2-1/2"]
[WhiteElo "1674"]
[BlackElo "1901"]
[PlyCount "131"]
[EventDate "2015.10.11"]
[EventType "team-tourn"]
[EventRounds "9"]
[EventCountry "GER"]
[SourceDate "2015.09.20"]
[WhiteTeam "SSC Rostock 07 II"]
[BlackTeam "SF Schwerin III"]
[WhiteTeamCountry "GER"]
[BlackTeamCountry "GER"]

1. c4 g6 2. g3 Bg7 3. Bg2 c5 4. e3 Nc6 5. Ne2 e5 6. Nbc3 Nge7 7. O-O O-O 8. d3
d6 9. a3 Be6 10. b4 Qd7 11. Rb1 Rab8 12. Nd5 b6 13. Nec3 f5 14. b5 Nd8 15.
Nxe7+ Qxe7 16. Nd5 Qd7 17. f4 Bf7 18. Bb2 Ne6 19. Qd2 Rbd8 20. a4 Nc7 21. e4
Bxd5 22. exd5 Rde8 23. Rbe1 Re7 24. fxe5 dxe5 25. Re2 Qd6 26. Rfe1 Rfe8 27. Bc3
h6 28. Bb2 Kh7 29. Rf2 Rf8 30. Ref1 Ref7 31. Bc3 Bf6 32. Bb2 Bg5 33. Qe2 Re7
34. Bc3 Bf6 35. Qd2 Bg5 36. Qe2 Bf6 37. Qd2 Ne8 38. Bb2 Ng7 39. Bc1 Bg5 40. Qc2
Bxc1 41. Qxc1 Ref7 42. Qd2 Nh5 43. a5 Kg7 44. axb6 axb6 45. Ra1 Nf6 46. Ra6 Ng4
47. Rf1 f4 48. gxf4 exf4 49. Qc3+ Kg8 50. Bh3 h5 51. Bxg4 hxg4 52. d4 Qf6 53.
Qd3 Rc8 54. dxc5 Rxc5 55. d6 Rd7 56. Rxb6 f3 57. Qe4 Rxd6 58. Rxd6 Qxd6 59.
Qxg4 Rf5 60. Rxf3 Qd1+ 61. Kg2 Qe2+ 62. Kg3 Qe1+ 63. Kg2 Qd2+ 64. Kf1 Qd1+ 65.
Kg2 Qd2+ 66. Kf1 1/2-1/2

[Event "1516VL"]
[Site "Mecklenburg-Vorpommern"]
[Date "2016.04.10"]
[Round "8.8"]
[White "Schumacher, Ole"]
[Black "Hodl, Ingolf"]
[Result "1-0"]
[WhiteElo "1673"]
[BlackElo "1922"]
[PlyCount "49"]
[EventDate "2015.10.11"]
[EventType "team-tourn"]
[EventRounds "9"]
[EventCountry "GER"]
[SourceDate "2015.09.20"]
[WhiteTeam "SF Schwerin III"]
[BlackTeam "SSC Rostock 07 II"]
[WhiteTeamCountry "GER"]
[BlackTeamCountry "GER"]

1. d4 Nf6 2. c4 g6 3. Nc3 Bg7 4. e4 O-O 5. Nf3 d6 6. h3 Nbd7 7. Be3 e5 8. d5 b6
9. Be2 Nc5 10. Nd2 a5 11. b3 Ne8 12. g4 f5 13. gxf5 gxf5 14. Qc2 Nxb3 15. Nxb3
a4 16. Nc1 f4 17. Bd2 Qh4 18. Bf3 Nf6 19. Nd3 Bd7 20. a3 Be8 21. Nb5 Bh5 22.
Qd1 Nxe4 23. Bxh5 Nxd2 24. Kxd2 Qxh5 25. Qxh5 1-0

[Event "1516VL"]
[Site "Mecklenburg-Vorpommern"]
[Date "2016.04.10"]
[Round "8.1"]
[White "Zentgraf, Robert"]
[Black "Schinke, Andreas"]
[Result "1-0"]
[WhiteElo "2142"]
[BlackElo "2060"]
[PlyCount "95"]
[EventDate "2015.10.11"]
[EventType "team-tourn"]
[EventRounds "9"]
[EventCountry "GER"]
[SourceDate "2015.09.20"]
[WhiteTeam "SAV Torgelow"]
[BlackTeam "SV BW Grevesmuehlen"]
[WhiteTeamCountry "GER"]
[BlackTeamCountry "GER"]

1. d4 Nf6 2. Nf3 d5 3. g3 g6 4. Bg2 Bg7 5. O-O O-O 6. c4 c5 7. cxd5 cxd4 8.
Nxd4 Nxd5 9. Nb5 Nb4 10. Qa4 N8c6 11. N1c3 Qa5 12. Qxa5 Nxa5 13. Rb1 Bf5 14. e4
Bd7 15. Nc7 Rac8 16. N7d5 Nxd5 17. Nxd5 Nc6 18. Be3 e6 19. Nc3 b6 20. Rfd1 Rfd8
21. Bg5 f6 22. Be3 Ne5 23. Rd4 Be8 24. Rbd1 Rxd4 25. Bxd4 Nc4 26. Bh3 Kf7 27.
Ne2 f5 28. Rc1 Nd6 29. Rxc8 Nxc8 30. Bg2 Nd6 31. exf5 gxf5 32. f4 Nc4 33. b3
Na5 34. Bf3 Bxd4+ 35. Nxd4 Ke7 36. Kf2 Kd6 37. Ke3 Bd7 38. Kd3 e5 39. fxe5+
Kxe5 40. b4 f4 41. bxa5 bxa5 42. Nc6+ Kd6 43. Nxa5 Bb5+ 44. Kd4 fxg3 45. hxg3
h6 46. Bd5 Bd7 47. Nc4+ Kc7 48. Ne5 1-0

[Event "1516VL"]
[Site "Mecklenburg-Vorpommern"]
[Date "2016.04.10"]
[Round "8.2"]
[White "Boehme, Andy"]
[Black "Ehlers, Michael"]
[Result "1-0"]
[WhiteElo "2048"]
[BlackElo "1945"]
[PlyCount "89"]
[EventDate "2015.10.11"]
[EventType "team-tourn"]
[EventRounds "9"]
[EventCountry "GER"]
[SourceDate "2015.09.20"]
[WhiteTeam "SV BW Grevesmuehlen"]
[BlackTeam "SAV Torgelow"]
[WhiteTeamCountry "GER"]
[BlackTeamCountry "GER"]

1. g3 e5 2. c3 d5 3. d4 exd4 4. cxd4 Nf6 5. Bg5 c6 6. Qb3 Qa5+ 7. Bd2 Qb6 8.
Nf3 Qxb3 9. axb3 Ne4 10. Bc3 Na6 11. Nfd2 Nb4 12. Na3 Bf5 13. f3 Nxd2 14. Kxd2
Be7 15. Bg2 O-O 16. h4 h5 17. Bh3 Bg6 18. g4 hxg4 19. Bxg4 Na6 20. h5 Bg5+ 21.
e3 Bh7 22. f4 Bh6 23. Be2 Be4 24. Rhg1 Nc7 25. Nc2 Rfe8 26. Nb4 Ne6 27. Nd3
Bxd3 28. Bxd3 c5 29. dxc5 d4 30. Bxd4 Nxd4 31. exd4 Bxf4+ 32. Kc3 Be3 33. Rg4
f6 34. b4 Re7 35. d5 b6 36. d6 Re5 37. c6 b5 38. Re4 Rxe4 39. Bxe4 Kf7 40. Bg6+
Kf8 41. Re1 Bf4 42. d7 Be5+ 43. Rxe5 fxe5 44. c7 Ke7 45. c8=Q 1-0

[Event "1516VL"]
[Site "Mecklenburg-Vorpommern"]
[Date "2016.04.10"]
[Round "8.3"]
[White "Schmekel, Florian"]
[Black "Naujok, Joerg"]
[Result "1/2-1/2"]
[WhiteElo "1929"]
[BlackElo "1953"]
[PlyCount "69"]
[EventDate "2015.10.11"]
[EventType "team-tourn"]
[EventRounds "9"]
[EventCountry "GER"]
[SourceDate "2015.09.20"]
[WhiteTeam "SAV Torgelow"]
[BlackTeam "SV BW Grevesmuehlen"]
[WhiteTeamCountry "GER"]
[BlackTeamCountry "GER"]

1. d4 g6 2. c4 Bg7 3. Nc3 c5 4. d5 Bxc3+ 5. bxc3 Qa5 6. Qc2 Nf6 7. Bd2 d6 8. e4
O-O 9. f4 Nbd7 10. Nf3 Nb6 11. Bd3 Bd7 12. a3 Qa6 13. Qb3 e6 14. dxe6 Bxe6 15.
Qb5 Bxc4 16. Qxa6 bxa6 17. Bxc4 Nxc4 18. e5 dxe5 19. fxe5 Rfe8 20. O-O Ng4 21.
Bf4 Ngxe5 22. Bxe5 Nxe5 23. Nxe5 Rxe5 24. Rad1 Rae8 25. Rd6 R5e6 26. Rd5 Re2
27. Rxc5 Ra2 28. Rc7 f5 29. Rd1 Rae2 30. Rdd7 Re1+ 31. Kf2 R8e3 32. Rd8+ Re8
33. Rdd7 R8e3 34. Rd8+ Re8 35. Rdd7 1/2-1/2

[Event "1516VL"]
[Site "Mecklenburg-Vorpommern"]
[Date "2016.04.10"]
[Round "8.5"]
[White "Lehmann, Ruben"]
[Black "Stiegler, Maik"]
[Result "0-1"]
[WhiteElo "1885"]
[BlackElo "1888"]
[PlyCount "68"]
[EventDate "2015.10.11"]
[EventType "team-tourn"]
[EventRounds "9"]
[EventCountry "GER"]
[SourceDate "2015.09.20"]
[WhiteTeam "SAV Torgelow"]
[BlackTeam "SV BW Grevesmuehlen"]
[WhiteTeamCountry "GER"]
[BlackTeamCountry "GER"]

1. d4 g6 2. c4 Bg7 3. e4 c5 4. d5 d6 5. Nc3 Bxc3+ 6. bxc3 Qa5 7. Qc2 Nf6 8. Bd3
O-O 9. f4 e6 10. Bd2 Re8 11. Ne2 exd5 12. exd5 Bg4 13. Kf2 Bxe2 14. Bxe2 Ne4+
15. Kf3 Nd7 16. g4 Re7 17. Bd3 Rae8 18. h4 Nxd2+ 19. Qxd2 Re3+ 20. Kf2 Nf6 21.
Rag1 Ne4+ 22. Bxe4 R8xe4 23. Re1 Rxe1 24. Rxe1 Rxc4 25. Re3 Rxf4+ 26. Kg3 Qa4
27. Re8+ Qxe8 28. Qxf4 Qe1+ 29. Kg2 Qe2+ 30. Kg1 Qd1+ 31. Kf2 Qxd5 32. h5 Qxa2+
33. Kg3 Qd5 34. Kh4 g5+ 0-1

[Event "1516VL"]
[Site "Mecklenburg-Vorpommern"]
[Date "2016.04.10"]
[Round "8.6"]
[White "Streit, Bodo"]
[Black "Onasch, Paul"]
[Result "0-1"]
[WhiteElo "1765"]
[BlackElo "1944"]
[PlyCount "128"]
[EventDate "2015.10.11"]
[EventType "team-tourn"]
[EventRounds "9"]
[EventCountry "GER"]
[SourceDate "2015.09.20"]
[WhiteTeam "SV BW Grevesmuehlen"]
[BlackTeam "SAV Torgelow"]
[WhiteTeamCountry "GER"]
[BlackTeamCountry "GER"]

1. b4 d5 2. Bb2 Nf6 3. Nf3 Bf5 4. e3 Nbd7 5. c4 e6 6. c5 c6 7. Nd4 Bg6 8. h4 e5
9. Nf3 Bh5 10. Be2 Qc7 11. Ng5 Bxe2 12. Qxe2 Be7 13. Nc3 O-O 14. Kf1 a5 15. a3
axb4 16. axb4 Rxa1+ 17. Bxa1 Ra8 18. Bb2 b6 19. d4 Re8 20. Qf3 bxc5 21. bxc5
Qb7 22. Nd1 Qb5+ 23. Kg1 Bd8 24. dxe5 Nxe5 25. Bxe5 Rxe5 26. Qf4 Bc7 27. Qd4
Ne4 28. Nf3 Re8 29. g3 Nxc5 30. Nc3 Qa5 31. Kg2 Ne6 32. Qd3 Qa3 33. Rd1 g6 34.
Ne2 Qxd3 35. Rxd3 Rd8 36. Nc3 Ba5 37. Ne5 Rc8 38. Na4 f6 39. Nd7 Kf7 40. Ndc5
Nxc5 41. Nxc5 Bb4 42. Nb3 Ke7 43. Kf3 Rd8 44. Nd4 Kd6 45. e4 c5 46. Nc2 Ke5 47.
exd5 Rxd5 48. Re3+ Kd6 49. Re8 Kc6 50. Rb8 Bd2 51. Rf8 Rd6 52. Ke2 Bc1 53. Ne3
Bxe3 54. Kxe3 h5 55. f3 f5 56. Rc8+ Kb5 57. Rb8+ Kc4 58. Rc8 Kb4 59. Rb8+ Kc3
60. Rb5 c4 61. g4 fxg4 62. fxg4 hxg4 63. Kf4 Kd3 64. Ke5 Rd4 0-1

[Event "1516VL"]
[Site "Mecklenburg-Vorpommern"]
[Date "2016.04.10"]
[Round "8.7"]
[White "Massloch, Philipp"]
[Black "Barth, Richard"]
[Result "1/2-1/2"]
[WhiteElo "1663"]
[BlackElo "1501"]
[PlyCount "68"]
[EventDate "2015.10.11"]
[EventType "team-tourn"]
[EventRounds "9"]
[EventCountry "GER"]
[SourceDate "2015.09.20"]
[WhiteTeam "SAV Torgelow"]
[BlackTeam "SV BW Grevesmuehlen"]
[WhiteTeamCountry "GER"]
[BlackTeamCountry "GER"]

1. e4 c5 2. Nc3 a6 3. f4 Nc6 4. Nf3 g6 5. Be2 Bg7 6. O-O d6 7. d3 Bg4 8. Qe1
Bxf3 9. Bxf3 Nd4 10. Bd1 Nf6 11. Ne2 Nd7 12. c3 Nc6 13. Bc2 b5 14. Qh4 e6 15.
Qh3 b4 16. f5 e5 17. Bb3 Bf6 18. Be3 a5 19. a4 Rb8 20. c4 Nd4 21. Nxd4 exd4 22.
Bf4 Ne5 23. Rf2 g5 24. Bxe5 dxe5 25. Qh6 Ke7 26. Rf3 Qf8 27. Rh3 Qxh6 28. Rxh6
Rb6 29. Rf1 Rd6 30. Rf3 Bg7 31. Rh5 f6 32. Rfh3 h6 33. Rg3 Kf7 34. Bd1 Rdd8
1/2-1/2

[Event "1516VL"]
[Site "Mecklenburg-Vorpommern"]
[Date "2016.04.10"]
[Round "8.8"]
[White "Wulff, Jens Peter"]
[Black "Kasel, Alexander"]
[Result "0-1"]
[WhiteElo "1629"]
[BlackElo "1607"]
[PlyCount "36"]
[EventDate "2015.10.11"]
[EventType "team-tourn"]
[EventRounds "9"]
[EventCountry "GER"]
[SourceDate "2015.09.20"]
[WhiteTeam "SV BW Grevesmuehlen"]
[BlackTeam "SAV Torgelow"]
[WhiteTeamCountry "GER"]
[BlackTeamCountry "GER"]

1. d4 Nf6 2. Nf3 e6 3. Bf4 c5 4. e3 b6 5. c3 Bb7 6. Bd3 Be7 7. Nbd2 cxd4 8.
exd4 O-O 9. Qe2 d6 10. h3 Nbd7 11. O-O Re8 12. Rae1 a6 13. Ng5 Bf8 14. Bxh7+
Nxh7 15. Nxh7 Kxh7 16. Qh5+ Kg8 17. Re3 Nf6 18. Qe2 Nd5 0-1

[Event "1516VL"]
[Site "Mecklenburg-Vorpommern"]
[Date "2016.04.10"]
[Round "8.1"]
[White "Ruesch, Hans Joachim"]
[Black "Littke, Helmut"]
[Result "1/2-1/2"]
[WhiteElo "1919"]
[BlackElo "1954"]
[PlyCount "47"]
[EventDate "2015.10.11"]
[EventType "team-tourn"]
[EventRounds "9"]
[EventCountry "GER"]
[SourceDate "2015.09.20"]
[WhiteTeam "SFO Warnemuende"]
[BlackTeam "ASV GW Wismar "]
[WhiteTeamCountry "GER"]
[BlackTeamCountry "GER"]

1. d4 d5 2. Nf3 Nf6 3. c4 c6 4. Nc3 e6 5. e3 Bd6 6. Bd3 dxc4 7. Bxc4 O-O 8. O-O
Nbd7 9. Qe2 e5 10. dxe5 Nxe5 11. Nxe5 Bxe5 12. h3 b5 13. Bd3 Be6 14. Rd1 Qe7
15. Ne4 Nxe4 16. Bxe4 Bd7 17. Qc2 h6 18. Bd2 Rac8 19. Ba5 c5 20. Rd2 Bc7 21.
Rad1 Be6 22. Bxc7 Rxc7 23. Bh7+ Kh8 24. Bf5 1/2-1/2

[Event "1516VL"]
[Site "Mecklenburg-Vorpommern"]
[Date "2016.04.10"]
[Round "8.2"]
[White "Kliewe, Hans Juergen"]
[Black "Wolke, Heiko"]
[Result "1/2-1/2"]
[WhiteElo "1964"]
[BlackElo "1961"]
[PlyCount "79"]
[EventDate "2015.10.11"]
[EventType "team-tourn"]
[EventRounds "9"]
[EventCountry "GER"]
[SourceDate "2015.09.20"]
[WhiteTeam "ASV GW Wismar "]
[BlackTeam "SFO Warnemuende"]
[WhiteTeamCountry "GER"]
[BlackTeamCountry "GER"]

1. d4 Nf6 2. Nf3 e6 3. Bf4 c5 4. e3 Nc6 5. c3 Be7 6. h3 O-O 7. Bd3 d5 8. O-O b6
9. Nbd2 Bb7 10. Ne5 Rc8 11. Ndf3 Ne4 12. Nxc6 Bxc6 13. Ba6 Ra8 14. Ne5 Qe8 15.
Nxc6 Qxc6 16. Bd3 c4 17. Bc2 Bd6 18. Qg4 f5 19. Qh4 Bxf4 20. Qxf4 Qd6 21. Rfe1
g5 22. Qxd6 Nxd6 23. f3 h6 24. e4 fxe4 25. fxe4 dxe4 26. Bxe4 Nxe4 27. Rxe4 Rf6
28. Rae1 Kf7 29. Re5 Rd8 30. Rb5 Rf5 31. Rf1 Kf6 32. a4 Rd6 33. g4 Rxf1+ 34.
Kxf1 a6 35. Re5 Rd5 36. Rxd5 exd5 37. Ke2 Ke6 38. Kd2 Kd6 39. Kc2 Kc6 40. b4
1/2-1/2

[Event "1516VL"]
[Site "Mecklenburg-Vorpommern"]
[Date "2016.04.10"]
[Round "8.3"]
[White "Schumacher, Dirk"]
[Black "Stutz, Reno"]
[Result "1-0"]
[WhiteElo "1958"]
[BlackElo "1933"]
[PlyCount "91"]
[EventDate "2015.10.11"]
[EventType "team-tourn"]
[EventRounds "9"]
[EventCountry "GER"]
[SourceDate "2015.09.20"]
[WhiteTeam "SFO Warnemuende"]
[BlackTeam "ASV GW Wismar "]
[WhiteTeamCountry "GER"]
[BlackTeamCountry "GER"]

1. e4 c5 2. d4 cxd4 3. Nf3 a6 4. c3 dxc3 5. Nxc3 Nc6 6. Bc4 e6 7. O-O Be7 8.
Qe2 b5 9. Bb3 Bb7 10. Bf4 Nf6 11. e5 Ng4 12. h3 Nh6 13. Rfd1 g5 14. Bc1 Nf5 15.
Ne4 Rg8 16. g4 Nh4 17. Nxh4 gxh4 18. Qd3 Nxe5 19. Nd6+ Bxd6 20. Qxh7 Nf3+ 21.
Kf1 Ke7 22. Rxd6 Kxd6 23. Qxf7 Nh2+ 24. Ke1 Qa5+ 25. Ke2 Bf3+ 26. Kd3 Rad8 27.
Bf4+ Kc6 28. Bxh2 Rgf8 29. Qe7 Kb7 30. Rc1 Bc6 31. Qd6 Rxf2 32. Bf4 Rf3+ 33.
Ke2 Qb6 34. Rxc6 dxc6 35. Qe7+ Ka8 36. Kxf3 Qd4 37. Qxe6 Qd3+ 38. Kg2 Kb7 39.
Qe7+ Rd7 40. Qe5 Kb6 41. Qe3+ c5 42. Qxd3 Rxd3 43. g5 c4 44. Bc2 Rd8 45. g6 b4
46. g7 1-0

[Event "1516VL"]
[Site "Mecklenburg-Vorpommern"]
[Date "2016.04.10"]
[Round "8.4"]
[White "Schulz, Bernd"]
[Black "Hamann, Dirk"]
[Result "1/2-1/2"]
[WhiteElo "1882"]
[BlackElo "1911"]
[PlyCount "102"]
[EventDate "2015.10.11"]
[EventType "team-tourn"]
[EventRounds "9"]
[EventCountry "GER"]
[SourceDate "2015.09.20"]
[WhiteTeam "ASV GW Wismar "]
[BlackTeam "SFO Warnemuende"]
[WhiteTeamCountry "GER"]
[BlackTeamCountry "GER"]

1. e4 Nf6 2. e5 Nd5 3. d4 d6 4. Nf3 g6 5. Be2 Bg7 6. O-O O-O 7. Re1 Nc6 8. exd6
cxd6 9. c3 e5 10. dxe5 dxe5 11. Bg5 f6 12. Bc1 Kh8 13. c4 Nde7 14. Be3 Nf5 15.
Bc5 Re8 16. Nc3 b6 17. Ba3 Ncd4 18. Bd3 Bb7 19. Be4 Bxe4 20. Nxe4 Qc7 21. Nxd4
Nxd4 22. b3 Rad8 23. Qc1 Qc6 24. Nc3 Qe6 25. Nd5 Qg4 26. Kh1 Qf5 27. f3 Nc2 28.
Ne3 Nxe3 29. Qxe3 Rd3 30. Qe2 Red8 31. Rad1 Qd7 32. Rxd3 Qxd3 33. h3 Kg8 34.
Qxd3 Rxd3 35. Re2 Bh6 36. Kh2 Kf7 37. Rc2 Bf4+ 38. Kg1 Ke6 39. Kf2 Rd2+ 40.
Rxd2 Bxd2 41. Ke2 Bf4 42. Kd3 f5 43. Bb4 Kd7 44. Ba3 a5 45. Bb2 Kc6 46. Ba3 h5
47. Bb2 Kc5 48. Ba3+ Kc6 49. Bb2 Bg3 50. Ba3 Be1 51. Bb2 Bg3 1/2-1/2

[Event "1516VL"]
[Site "Mecklenburg-Vorpommern"]
[Date "2016.04.10"]
[Round "8.5"]
[White "Giese, Guido"]
[Black "Podolskiy, Alexander"]
[Result "1/2-1/2"]
[WhiteElo "1856"]
[BlackElo "1871"]
[PlyCount "44"]
[EventDate "2015.10.11"]
[EventType "team-tourn"]
[EventRounds "9"]
[EventCountry "GER"]
[SourceDate "2015.09.20"]
[WhiteTeam "SFO Warnemuende"]
[BlackTeam "ASV GW Wismar "]
[WhiteTeamCountry "GER"]
[BlackTeamCountry "GER"]

1. e4 e5 2. Nf3 d6 3. d4 exd4 4. Nxd4 Nf6 5. Nc3 Be7 6. Be2 O-O 7. O-O Re8 8.
Re1 Bd7 9. Bf4 Nc6 10. Nxc6 Bxc6 11. Bf3 a5 12. e5 dxe5 13. Bxc6 bxc6 14. Bxe5
Bd6 15. Bxd6 Rxe1+ 16. Qxe1 cxd6 17. Rd1 d5 18. Na4 Qc7 19. f3 Re8 20. Qf2 Nd7
21. Re1 Rxe1+ 22. Qxe1 Qa7+ 1/2-1/2

[Event "1516VL"]
[Site "Mecklenburg-Vorpommern"]
[Date "2016.04.10"]
[Round "8.6"]
[White "Borchert, Ulf"]
[Black "Feindura, Rene"]
[Result "1/2-1/2"]
[WhiteElo "1822"]
[BlackElo "1843"]
[PlyCount "60"]
[EventDate "2015.10.11"]
[EventType "team-tourn"]
[EventRounds "9"]
[EventCountry "GER"]
[SourceDate "2015.09.20"]
[WhiteTeam "ASV GW Wismar "]
[BlackTeam "SFO Warnemuende"]
[WhiteTeamCountry "GER"]
[BlackTeamCountry "GER"]

1. d4 Nf6 2. Nf3 g6 3. Bf4 Bg7 4. Qd2 Ne4 5. Qc1 c5 6. e3 Nc6 7. c3 d5 8. Nbd2
O-O 9. Be2 Bg4 10. h3 Bd7 11. O-O cxd4 12. exd4 Rc8 13. Qd1 f5 14. Qb3 e6 15.
Bb5 Qe8 16. Bxc6 Bxc6 17. Qd1 Bb5 18. Re1 h6 19. Be5 Qe7 20. Bxg7 Kxg7 21. Ne5
Qh4 22. Nxe4 fxe4 23. Qd2 Rf5 24. a4 Ba6 25. b3 Rcf8 26. Ng4 Rg5 27. Qe3 Rf3
28. gxf3 Qxh3 29. Qf4 exf3 30. Qf6+ Kh7 1/2-1/2

[Event "1516VL"]
[Site "Mecklenburg-Vorpommern"]
[Date "2016.04.10"]
[Round "8.7"]
[White "Schmidt, Reinhard"]
[Black "Bahr, Enrico"]
[Result "0-1"]
[WhiteElo "1795"]
[BlackElo "1821"]
[PlyCount "106"]
[EventDate "2015.10.11"]
[EventType "team-tourn"]
[EventRounds "9"]
[EventCountry "GER"]
[SourceDate "2015.09.20"]
[WhiteTeam "SFO Warnemuende"]
[BlackTeam "ASV GW Wismar "]
[WhiteTeamCountry "GER"]
[BlackTeamCountry "GER"]

1. g4 d5 2. Bg2 c6 3. g5 Bf5 4. d3 e6 5. Nc3 h6 6. h4 hxg5 7. hxg5 Rxh1 8. Bxh1
Bd6 9. e4 Bg6 10. f4 Qb6 11. Qg4 Nd7 12. Kf1 Ne7 13. Nge2 O-O-O 14. Na4 Qb4 15.
b3 Rh8 16. Bg2 dxe4 17. c3 Qb5 18. dxe4 Bh5 19. c4 Bxg4 20. cxb5 cxb5 21. Nb2
Ng6 22. e5 Bc5 23. Nd3 Bb6 24. Ba3 Be3 25. Bd6 Rh2 26. Ne1 Nxf4 27. Nxf4 Bxf4
28. g6 fxg6 29. Nf3 Bxf3 30. Bxf3 Nxe5 31. Bxe5 Bxe5 32. Rc1+ Kd7 33. Bg2 b6
34. Kg1 Rh5 35. Rd1+ Ke7 36. Bc6 Bd6 37. Rd3 Rc5 38. Be4 g5 39. Rd2 Bf4 40. Rc2
Kd6 41. Kf2 Rxc2+ 42. Bxc2 Kc5 43. Bg6 Kd4 44. Be8 b4 45. Ke2 e5 46. Bg6 g4 47.
Bh5 g3 48. Bf3 Kc3 49. Bd5 Kb2 50. Kd3 b5 51. Bc6 Kxa2 52. Kc2 a5 53. Bd5 Ka3
0-1